2 Films 1 Acteur #2 - Statistiques

Statistiques générales
  • Ce quiz a été pris 101 fois
  • Le résultat moyen est 11 sur 20
Statistiques - réponses
Film 1 Film 2 Acteur % Correct
The Revenant Titanic Leonardo DiCaprio
97%
Ocean's Eleven Pretty Woman Julia Roberts
82%
Didier La Cité de la Peur Alain Chabat
79%
The Batman Twilight Robert Pattinson
75%
Sept Vies Bad Boys Will Smith
74%
Minority Report Rain Man Tom Cruise
72%
Jumanji Will Hunting Robin Williams
71%
La Liste de Schindler Taken Liam Neeson
67%
The Machinist Le Mans 66 Christian Bale
55%
Les Tuches Les Profs Isabelle Nanty
54%
Docteur ? Les Bronzés Font du Ski Michel Blanc
52%
Irreversible Astérix et Obélix : Mission Cléopâtre Monica Bellucci
52%
Les Noces Rebelles Eternal Sunshine Of The Spotless Mind Kate Winslet
48%
Basic Instinct Casino Sharon Stone
48%
Les Demoiselles de Rochefort Mauvaises Herbes Catherine Deneuve
45%
Le Sens de la Fête Cuisine et Dépendance Jean-Pierre Bacri
39%
Intouchables La Vraie Vie des Profs Audrey Fleurot
37%
Crazy, Stupid Love Little Miss Sunshine Steve Carell
36%
Bienvenue à Gattaca Training Day Ethan Hawke
31%
Novembre Pupille Sandrine Kiberlain
17%
Aucun quiz correspondant
Distribution des résultats
% des personnes avec chaque résultat
Percentile par nombre de réponses
Votre historique - résultats
Vous n’avez pas pris ce quiz